000 00407nam a2200157Ia 4500
008 210716s2010 xx 000 0 und d
020 _a9788126526550
041 _aeng
082 _a006.37 PETE
100 _aPetroutsos, Evangelos.
245 _aMastering microsoft visual basic 2010.
250 _a1
260 _aNew Delhi
_bWiley India Pvt Ltd
_c2010
300 _axxx,1023
650 _aVisual Basic
999 _c192876
_d192876